000 00430nam a2200205Ia 4500
001 12429
003 GE_BSU
008 181216s||||||||xx |||||||||||||| ||und||
020 _a9780751539103
040 _cGE_BSU
080 _a821.111-312.4
100 _aKanon,Joseph.
245 _aAlibi.
260 _aLondon.
260 _bTime Warner Books.
260 _c2005
300 _a500p;18cm.
653 _aAlibi.
942 _cBK
999 _c45603
_d45603